000 00397 a2200145 4500
999 _c5958
_d5958
020 _a9781868912773
050 _aQD39.3FRI 2007
100 _aFrith John
_eauthor
245 _aX-kit Undergraduate :
_bmaths for scientists & engineers
_cJohn Frith
264 _aCapetown :
_bPearson,
_c2007
300 _a400p.:
_bill.
500 _aIncludes index
650 _aMaths
942 _2lcc
_cBK
_h39.3
_iFRI
_kQD